Alaska (Record no. 6525)

MARC details
000 -CABECERA
campo de control de longitud fija 00704nam a2200241 a 4500
001 - NÚMERO DE CONTROL
campo de control BRCA_6842
005 - FECHA Y HORA DE LA ÚLTIMA TRANSACCIÓN
campo de control 20190320205620.0
008 - DATOS DE LONGITUD FIJA--INFORMACIÓN GENERAL
campo de control de longitud fija 091111s1897----u--ab#####---#000-0#eng-#
041 ## - CÓDIGO DE LENGUA
Código de lengua del texto/banda sonora o título independiente eng
044 ## - CÓDIGO DEL PAÍS DE LA ENTIDAD EDITORA/PRODUCTORA
Código MARC del país u
050 #4 - SIGNATURA TOPOGRÁFICA DE LA BIBLIOTECA DEL CONGRESO
Número de clasificación F904
-- .J36 1847
100 1# - ENTRADA PRINCIPAL--NOMBRE DE PERSONA
Nombre de persona James, Bushrod Washington
Fechas asociadas al nombre 1830-1903
9 (RLIN) 17069
245 10 - MENCIÓN DE TÍTULO
Título Alaska
Resto del título its neglected past, its brillant future
Mención de responsabilidad, etc. by Bushrod Washington James
260 ## - PUBLICACIÓN, DISTRIBUCIÓN, ETC.
Lugar de publicación, distribución, etc. Filadelfia
Nombre del editor, distribuidor, etc. Sunshine
Fecha de publicación, distribución, etc. 1897
300 ## - DESCRIPCIÓN FÍSICA
Extensión 444 p.
Otras características físicas il., 16 mapas
Dimensiones 20 cm.
500 ## - NOTA GENERAL
Nota general Incluye glosario e índice alfabético
500 ## - NOTA GENERAL
Nota general O30
504 ## - NOTA DE BIBLIOGRAFÍA, ETC.
Nota de bibliografía, etc. Bibliografía: p. 421-437
651 #4 - PUNTO DE ACCESO ADICIONAL DE MATERIA--NOMBRE GEOGRÁFICO
Nombre geográfico Alaska
9 (RLIN) 17070
651 #4 - PUNTO DE ACCESO ADICIONAL DE MATERIA--NOMBRE GEOGRÁFICO
Nombre geográfico Alaska
Subdivisión general Bibliografía
9 (RLIN) 17071
902 ## - CATALOGADOR
Iniciales GFM
942 ## - ELEMENTOS DE PUNTO DE ACCESO ADICIONAL (KOHA)
Fuente del sistema de clasificación o colocación Library of Congress Classification
Tipo de ítem Koha Libros
Holdings
Estado de retiro Estado de pérdida Estado dañado No para préstamo Localización permanente Ubicación/localización actual Fecha de adquisición Número de inventario Total de préstamos Signatura topográfica completa Código de barras Fecha visto por última vez Precio válido a partir de Tipo de ítem Koha
El ejemplar forma parte de la colección y puede ser consultado según las políticas vigentes.       Biblioteca del Museo Franz Mayer (Rogerio Casas-Alatriste) Biblioteca del Museo Franz Mayer (Rogerio Casas-Alatriste) 09/11/2011 O30   F904 .J36 1847 (O30) 7290 22/03/2019 22/03/2019 Libros